000 00308nam a2200109Ia 4500
008 171211s9999 xx 000 0 und d
245 _aSEO Secrets & Strategies Made Simple 2015
245 _cMat Fox
260 _c2015
650 _xWeb Development
856 _uhttp://down.ebook777.com/011/9780470554180.pdf
999 _c350082
_d350082